000 00203nam a2200085Ia 4500
008 191206s9999 xx 000 0 und d
020 _a44516
090 _aQL362.B26
245 4 _aThe invertebrates :a synthesis
999 _c17076
_d17076